[Event "FSV-ch 2011"]
[Site "Dortmund"]
[Date "2011.05.05"]
[Round "7.14"]
[White "Skalweit, Wolfgang"]
[Black "Raskin, Vitali"]
[Result "1-0"]
[WhiteElo "1401"]
[BlackElo "1768"]
[PlyCount "97"]
[EventDate "2011.??.??"]

1. f4 d5 2. Nf3 Nc6 3. c3 Nf6 4. d3 e6 5. Qc2 d4 6. e4 dxe3 7. Bxe3 Nd5 8. Qf2
Bd6 9. g3 a6 10. Bg2 Nxe3 11. Qxe3 O-O 12. O-O Re8 13. d4 Rb8 14. Nbd2 Bf8 15.
Kh1 b5 16. Ne5 Nxe5 17. fxe5 Qe7 18. Ne4 h6 19. Bf3 f5 20. exf6 gxf6 21. Bh5 f5
22. Bxe8 fxe4 23. Bf7+ Kh8 24. Rf4 Qg5 25. h4 Qg7 26. Kh2 Bd6 27. Rf2 (27. Rg4
$1 Qf8 (27... Qxg4 28. Qxh6#) (27... Qxf7 28. Qxh6+ Qh7 29. Qf6+ Qg7 30. Qxg7#)
(27... Qf6 28. Rf1 $1) 28. Rf1 {nebst Matt in wenigen Zuegen}) 27... Bd7 28.
Raf1 Rf8 29. Rf6 Qxg3+ 30. Qxg3 Bxg3+ 31. Kxg3 Kg7 32. Rg6+ Kh7 33. Rff6 Bc6
34. Rxh6+ Kg7 35. Rhg6+ Kh7 36. Kf4 Rxf7 37. Rxf7+ Kxg6 38. Rxc7 Bd5 39. a3 Kh5
40. Ra7 Bc4 41. Kxe4 Kxh4 42. Rxa6 Kg3 43. Ke3 Kg4 44. Rc6 Bb3 45. Rc5 Bc4 46.
Rxc4 bxc4 47. a4 Kf5 48. a5 e5 49. a6 1-0

[Event "FSV-ch 2011"]
[Site "Dortmund"]
[Date "2011.05.05"]
[Round "7.15"]
[White "Winkler, Harald"]
[Black "Knackstedt, Ulf"]
[Result "0-1"]
[WhiteElo "1318"]
[BlackElo "1730"]
[PlyCount "100"]
[EventDate "2011.??.??"]

1. d4 Nf6 2. Nf3 d6 3. c4 g6 4. e3 Bg7 5. Nc3 O-O 6. h3 c5 7. Bd3 Nc6 8. Ne4
cxd4 9. exd4 Qb6 10. d5 Nb4 11. Nxf6+ Bxf6 12. Be2 Bf5 13. O-O Nc2 14. Rb1 Nd4
15. Bd3 Bxd3 16. Qxd3 Nxf3+ 17. Qxf3 Qa6 18. Qb3 Rfc8 19. Be3 Rxc4 20. Rbc1
Rac8 21. Rxc4 Rxc4 22. Rc1 Rxc1+ 23. Bxc1 Bd4 24. Be3 Bc5 25. a3 Qb6 26. Qxb6
axb6 27. b4 Bxe3 28. fxe3 b5 29. Kf2 Kg7 30. Kf3 e5 31. dxe6 fxe6 32. Ke4 Kf6
33. g3 h5 34. Kd4 Kf5 35. e4+ Kf6 36. h4 g5 37. Ke3 gxh4 38. gxh4 Ke5 39. Kf3
Kd4 40. Kf4 d5 41. exd5 exd5 42. Kg5 Kc4 ({
Deutlich eleganter und zugleich die typische Vorgehensweise war} 42... Ke5 43.
Kxh5 Kf5 {zum Beispiel} 44. Kh6 d4 45. h5 (45. Kg7 Kg4) 45... Kf6 46. Kh7 d3 {
usw.}) 43. Kxh5 d4 44. Kg6 d3 45. h5 d2 46. h6 d1=Q 47. h7 Qd8 48. Kg7 Kb3 49.
h8=Q Qxh8+ 50. Kxh8 Kxa3 0-1

[Event "FSV-ch 2011"]
[Site "Dortmund"]
[Date "2011.05.05"]
[Round "7.16"]
[White "Maffei, Hendrik"]
[Black "Milonas, Georgios"]
[Result "0-1"]
[WhiteElo "1293"]
[BlackElo "1566"]
[PlyCount "74"]
[EventDate "2011.??.??"]

1. Nf3 Nf6 2. g3 e6 3. Bg2 d5 4. c4 Be7 5. b4 dxc4 6. Na3 O-O 7. Rb1 Nc6 8.
Nxc4 Nxb4 9. Qb3 Nbd5 10. O-O c6 11. d3 Nd7 12. Bb2 Nc5 13. Qc2 Nd7 14. Rfc1
N5f6 15. a3 Nb6 16. Nfe5 Nxc4 17. Qxc4 Nd5 18. Qg4 Nf6 19. Qh4 Nd7 20. Qg4 Nxe5
21. Bxe5 f6 22. Bb2 e5 23. Qc4+ Kh8 24. Qc2 Bf5 25. Qd2 e4 26. Qf4 Bg6 27. Bxe4
f5 28. Qe5 Bf6 29. Qc5 Bxb2 30. Rxb2 fxe4 31. dxe4 Bxe4 32. Rxb7 Qd5 33. Qe7
Rg8 34. Rd7 Qf5 35. Rc5 Qh3 36. f3 Rae8 37. Qd6 Bxf3 0-1

[Event "FSV-ch 2011"]
[Site "Dortmund"]
[Date "2011.05.05"]
[Round "7.17"]
[White "Rzoczek, Christoph"]
[Black "Busch, J. Malo"]
[Result "1-0"]
[WhiteElo "1523"]
[BlackElo "1220"]
[PlyCount "53"]
[EventDate "2011.??.??"]

1. d4 Nf6 2. Nf3 g6 3. Nbd2 d6 4. e4 Bg7 5. h3 O-O 6. c3 c5 7. d5 e6 8. dxe6
Bxe6 9. Qc2 Re8 10. Bb5 Bd7 11. Bxd7 Nbxd7 12. O-O b5 13. Re1 Ne5 14. Nxe5 Rxe5
15. Nf3 Re6 16. Bf4 Qb6 17. Rad1 h6 18. Qd3 c4 19. Qc2 Rae8 20. e5 Nh5 21. Be3
Qd8 22. g4 Rxe5 23. Nxe5 Rxe5 24. f4 Rxe3 25. Rxe3 Nxf4 26. Qe4 Be5 27. Qxe5
1-0

[Event "FSV-ch 2011"]
[Site "Dortmund"]
[Date "2011.05.05"]
[Round "7.18"]
[White "Vogt, Christian"]
[Black "Wickenfeld, Udo"]
[Result "1-0"]
[WhiteElo "1432"]
[BlackElo "1262"]
[PlyCount "113"]
[EventDate "2011.??.??"]

1. d4 Nf6 2. Bg5 e6 3. e4 Be7 4. Bd3 d6 5. Nc3 a6 6. f4 Nbd7 7. Nf3 Ng4 8. Bxe7
Qxe7 9. h3 Ngf6 10. O-O O-O 11. e5 Nd5 12. Nxd5 exd5 13. Bxh7+ Kxh7 14. Ng5+
Kh6 15. Qg4 Nf6 16. Qh4+ Nh5 17. g4 g6 18. gxh5 gxh5 19. Kh2 Bf5 {(=)} 20. Nf3
Qxh4 21. Nxh4 Be4 22. Nf3 Rg8 23. Ng5 Rg7 24. Nxe4 dxe4 25. Rg1 Rag8 26. Rxg7
Rxg7 27. c4 h4 28. Rg1 e3 29. Rxg7 Kxg7 30. Kg2 dxe5 31. fxe5 Kg6 32. Kf3 e2
33. Kxe2 Kf5 34. Ke3 c6 35. c5 a5 36. a4 f6 37. exf6 Kxf6 38. Kf4 Ke6 39. Ke4
Kf6 40. Kf4 Ke6 41. Kg5 Kd5 42. Kxh4 Kxd4 43. Kg4 Kxc5 44. h4 b5 45. axb5 cxb5
46. h5 a4 47. h6 b4 48. h7 a3 49. bxa3 bxa3 50. h8=Q Kc4 51. Qa1 Kb3 52. Qb1+
Kc3 53. Qa2 Kb4 54. Kf4 Ka4 55. Ke4 Kb4 56. Kd4 Ka4 57. Kc4 1-0

[Event "FSV-ch 2011"]
[Site "Dortmund"]
[Date "2011.05.05"]
[Round "7.19"]
[White "Wangrin, Stefan A"]
[Black "Tautz, Eugen"]
[Result "0-1"]
[WhiteElo "1184"]
[BlackElo "1442"]
[PlyCount "120"]
[EventDate "2011.??.??"]

1. e4 c5 2. Nf3 Nc6 3. Bc4 e6 4. a3 a6 5. d4 cxd4 6. Nxd4 Be7 7. Nxc6 bxc6 8.
Nc3 Qc7 9. Ne2 Nf6 10. Qd3 Bb7 11. Bf4 e5 12. Bg5 h6 13. Bxf6 Bxf6 14. Ng3 g6
15. Bb3 Qa5+ 16. c3 Qc7 17. Qc4 O-O 18. h4 h5 19. O-O-O Rad8 20. Qe2 Qb6 21.
Bc2 a5 22. Rh2 Ba6 23. Qf3 Bg7 24. Rd6 Rb8 25. b3 Qc5 26. Rxd7 Qxa3+ 27. Kd2
Bh6+ 28. Ke1 Qc1+ 29. Qd1 Qb2 30. Ne2 Bxe2 31. Qxe2 Qxc3+ 32. Kf1 Rbd8 33. Rd1
Rd4 34. Rh3 Qb4 35. Rhd3 c5 36. Rxd4 cxd4 37. Qd3 Rc8 38. Ke2 Rc3 39. Qa6 Rxc2+
40. Kf1 Qc5 41. g3 d3 42. Qf6 Rc1 43. Qd8+ Kg7 44. Qxd3 Rxd1+ 45. Qxd1 Qb5+ 46.
Kg2 Kg8 47. Qd8+ Bf8 48. Qd1 Qb4 49. Qc2 Bc5 50. Kf3 Bd4 51. Ke2 Qc3 52. Qb1
Kf8 53. Qd1 Ke7 54. Qd3 Qxd3+ 55. Kxd3 Bxf2 56. Kc4 Bxg3 57. Kc5 Bxh4 58. Kd5
f6 59. Kc6 Be1 60. Kc5 h4 0-1

[Event "FSV-ch 2011"]
[Site "Dortmund"]
[Date "2011.05.05"]
[Round "7.21"]
[White "vd Mescht, Adrian"]
[Black "Herrmann, Rudolf"]
[Result "0-1"]
[WhiteElo "756"]
[BlackElo "1274"]
[PlyCount "60"]
[EventDate "2011.??.??"]

1. Nc3 Nf6 2. d4 d5 3. Nf3 a6 4. Bf4 Bf5 5. e3 e6 6. a3 c5 7. Ne5 Nc6 8. Nxc6
bxc6 9. Be2 Bd6 10. Bxd6 Qxd6 11. h3 O-O 12. Bg4 Bg6 13. Qe2 cxd4 14. exd4 c5
15. Qe3 cxd4 16. Qxd4 Bxc2 17. O-O Rab8 18. b4 Rfc8 19. Rac1 Bb3 20. Qd3 Bc4
21. Qc2 Bxf1 22. Rxf1 Nxg4 23. hxg4 Qf4 24. f3 h6 25. Ne2 Qe3+ 26. Rf2 Rxc2 27.
f4 Rxe2 28. Kh2 Qxf2 29. Kh3 Qxg2+ 30. Kh4 Qh2# 0-1

[Event "FSV-ch 2011"]
[Site "Dortmund"]
[Date "2011.05.05"]
[Round "7.22"]
[White "Jürgens, Ulrich"]
[Black "Böckmann, Lilo"]
[Result "1-0"]
[WhiteElo "1168"]
[BlackElo "935"]
[PlyCount "79"]
[EventDate "2011.??.??"]

1. Nc3 e5 2. e4 Bc5 3. g3 a6 4. Bg2 Nf6 5. d3 O-O 6. Nf3 d6 7. O-O Nc6 8. a3 a5
9. Bg5 Nd4 10. Qd2 Bg4 11. Nxd4 Bxd4 12. Rab1 Qe7 13. Nd5 Qd8 14. Bxf6 gxf6 15.
Qh6 Kh8 16. Nxf6 Qxf6 17. Qxf6+ Kg8 18. Qg5+ Kh8 19. Qxg4 c6 20. Qd7 Bc5 21.
Qxb7 Rac8 22. Bh3 Rb8 23. Qxc6 Rg8 24. c3 Rgc8 25. Qd5 Rc7 26. b4 axb4 27. cxb4
Bd4 28. Qxd6 Rcb7 29. Bf5 Kg7 30. Rfc1 Bb6 31. Rc8 Bc7 32. Qf8+ Kf6 33. Qh6+
Ke7 34. Rxb8 Bxb8 35. Qxh7 Rb6 36. Rc1 Rf6 37. Qh8 Bd6 38. Rc8 Rxf5 39. exf5 f6
40. Qe8# 1-0

[Event "FSV-ch 2011"]
[Site "Dortmund"]
[Date "2011.05.02"]
[Round "7.23"]
[White "Reker, Gerhard"]
[Black "Riepe, Markus"]
[Result "0-1"]
[WhiteElo "727"]
[BlackElo "886"]
[PlyCount "58"]
[EventDate "2011.??.??"]

1. e4 e5 2. d4 Nf6 3. Bg5 Nc6 4. d5 Ne7 5. Bxf6 gxf6 6. d6 Nc6 7. dxc7 Qxc7 8.
Nc3 Qa5 9. a3 Qc5 10. Qf3 Be7 11. Qg3 Bf8 12. Rc1 Bh6 13. Rd1 Nd4 14. Bd3 d6
15. Nge2 Bd7 16. Nxd4 Qxd4 17. O-O O-O-O 18. Be2 Bf4 19. Qh4 Qc5 20. Qxf6 Rhg8
21. Qxf7 Bh3 22. Bf3 Rdf8 23. Qxh7 Bg4 24. Nd5 Rh8 25. Bxg4+ Kb8 26. Qg7 Bxh2+
27. Kh1 Bg3+ 28. Kg1 Bxf2+ 29. Rxf2 Qxf2# 0-1

[Event "FSV-ch 2011"]
[Site "Dortmund"]
[Date "2011.05.19"]
[Round "8.1"]
[White "Zelt, Jens"]
[Black "Schulenburg, Pit"]
[Result "0-1"]
[WhiteElo "2070"]
[BlackElo "2119"]
[PlyCount "76"]
[EventDate "2011.??.??"]

1. d4 g6 2. Nf3 Bg7 3. e3 d6 4. Be2 Nd7 5. O-O a6 6. Nbd2 b6 7. b4 Bb7 8. Rb1
Ngf6 9. c4 e5 10. Ba3 e4 11. Ne1 Qe7 12. Qc2 Nf8 13. c5 b5 14. cxd6 cxd6 15.
Rc1 Ne6 16. Bb2 O-O 17. a4 Rfc8 18. Qd1 Rxc1 19. Qxc1 bxa4 20. Qc2 Qd7 21. Nc4
Rc8 22. Qd2 Nd5 23. Na5 Bc6 24. Bxa6 Bb5 25. Bxc8 Qxc8 26. Nc2 Bxf1 27. Kxf1
Nb6 28. Na3 d5 29. Qc3 Qxc3 30. Bxc3 Nd8 31. Ke2 Bf8 32. Kd2 f5 33. Kc2 Kf7 34.
Kb2 Bd6 35. h3 g5 36. Be1 (36. Nb5 Bb8 37. Bd2 f4 38. Ka3 h5 39. Nc3 f3 40. g4
(40. gxf3 exf3 41. e4 g4 42. hxg4 h4) 40... hxg4 41. hxg4 Bh2 42. Nxa4 Nd7 43.
b5 Nf6 44. Nc3 (44. b6 Nxg4 45. Be1 Bg1 $1) 44... Nxg4 45. Be1 Ke6 46. b6 Bg1
47. Nd1 Nf6 48. b7 Nd7 49. Ka4 g4 50. Kb5 Bh2 51. Ka6 Bc7 52. Ka7 Nb8 53. Nb3
Ndc6+ 54. Ka8 Nd7 55. Nc5+ Nxc5 56. dxc5 Be5 (56... Bb8 57. Nc3) 57. Bd2 g3 $1
(57... Kf5 $5 58. Be1 Kg5 59. b8=Q Nxb8 60. Kb7 Kh4 61. c6 Kh3 62. c7 Bxc7 63.
Kxc7 Kg2 64. Kxb8 (64. Kd6 Kf1 65. Ba5 Ke2 66. Nc3+ (66. Kxd5 g3 $1 67. Bc7
gxf2 68. Nxf2 Kxf2 69. Kxe4 Kg2 $19)) 64... Kf1 65. Bb4 Ke2 66. Bd6 Kxd1 67.
Bg3 (67. Kc7 d4 $1) (67. Bf4 Ke2 $19) 67... Ke2 68. Kc7 Kf1 $1 69. Kc6 d4 70.
exd4 e3 71. fxe3 Kg2 72. d5 (72. Be1 g3 73. d5 f2) 72... Kxg3 73. d6 f2 74. d7
f1=Q 75. d8=Q Qc1+ 76. Kb5 Qxe3 $19) 58. fxg3 Bxg3 59. Bc3 Kd7 60. Bd4 f2 61.
Nxf2 Bxf2 62. b8=Q Nxb8 63. Kxb8 Kc6 64. Ka7 Be1 65. Ka6 Bd2 66. Ka7 Bb4 $19)
36... h5 37. Nc2 h4 38. g3 $4 (38. f3 $4 exf3 39. gxf3 g4 $1 $19) (38. b5 g4
39. Bb4 Bxb4 40. Nxb4 f4 $1 41. exf4 gxh3 42. gxh3 Ne6 {
und Schwarz sollte gewinnen, z.B.} 43. Nac6 Nxf4 44. Ne5+ Kg7 45. f3 Nxh3 46.
fxe4 dxe4 47. Ng4 Nf4 48. Nc2 h3 49. Nce3 Kg6 50. Kc2 Nfd5 51. Nf1 e3 $1 {usw.}
) 38... g4 0-1

[Event "FSV-ch 2011"]
[Site "Dortmund"]
[Date "2011.05.19"]
[Round "8.2"]
[White "Naundorf, Maik"]
[Black "Grube, Jörg"]
[Result "1-0"]
[WhiteElo "2071"]
[BlackElo "1900"]
[PlyCount "91"]
[EventDate "2011.??.??"]

1. g3 Nf6 2. Bg2 e5 3. c4 Nc6 4. Nc3 g6 5. d3 Bg7 6. e4 d6 7. Nge2 Be6 8. Nd5
O-O 9. Bg5 h6 10. Nxf6+ Bxf6 11. Bxh6 Bg7 12. Qd2 f5 13. exf5 gxf5 14. Qg5 Qxg5
15. Bxg5 Nb4 16. Kd2 c6 17. a3 Na6 18. Rab1 Rf7 19. b4 d5 20. cxd5 cxd5 21.
Rhc1 Raf8 22. h4 f4 23. gxf4 exf4 24. Bf3 Be5 25. Rg1 Kh7 26. Bh5 Rc7 27. Bg4
Bxg4 28. Rxg4 f3 29. Nd4 Rcf7 30. Re1 Bh8 31. Re6 Bg7 32. Be3 Nc7 33. Reg6 Re7
34. R6g5 Bh6 35. Rh5 Rxe3 36. Rxh6+ Kxh6 37. Kxe3 Kh5 38. Rg7 Rc8 39. Nxf3 Re8+
40. Kd2 Rc8 41. Rg5+ Kh6 42. Nd4 Rf8 43. Nf5+ Kh7 44. Rg7+ Kh8 45. Rxc7 Rxf5
46. Ke3 1-0

[Event "FSV-ch 2011"]
[Site "Dortmund"]
[Date "2011.05.19"]
[Round "8.3"]
[White "Begna, Bozidar"]
[Black "Dieckmann, Rudolf"]
[Result "1-0"]
[WhiteElo "1960"]
[BlackElo "1592"]
[PlyCount "67"]
[EventDate "2011.??.??"]

1. e4 c5 2. Nf3 Nc6 3. Bb5 a6 4. Bxc6 bxc6 5. O-O g6 6. c3 Bg7 7. d4 cxd4 8.
cxd4 Nf6 9. Nc3 Bb7 10. Bf4 d6 11. Qd2 h6 12. Rfe1 Nh5 13. Be3 Rc8 14. Rad1 Rc7
15. Qc1 Qc8 16. h3 Nf6 17. e5 dxe5 18. dxe5 Nd5 19. e6 Bxc3 20. exf7+ Kxf7 21.
bxc3 Nxe3 22. Rxe3 c5 23. Ne5+ Kg7 24. Rde1 Qf5 25. Rg3 g5 26. Ng4 Rf8 27. Re5
Qf4 28. Qe1 Rf7 29. Re6 h5 30. Nh2 Rd7 31. Re5 Qd2 32. Rexg5+ Kh6 33. Qe6+ Rf6
34. Rg6+ 1-0

[Event "FSV-ch 2011"]
[Site "Dortmund"]
[Date "2011.05.19"]
[Round "8.4"]
[White "Jost, Udo"]
[Black "Tekin, Baran"]
[Result "1-0"]
[WhiteElo "1792"]
[BlackElo "1519"]
[PlyCount "29"]
[EventDate "2011.??.??"]

1. e4 d6 2. Bc4 c5 3. Nf3 h6 4. c3 Nc6 5. d4 Nf6 6. Nbd2 cxd4 7. cxd4 Bg4 8.
Qb3 d5 9. exd5 Na5 10. Qa4+ Bd7 11. Bb5 b6 12. Ne5 a6 13. Bxd7+ Nxd7 14. b4 b5
15. Qxa5 1-0

[Event "FSV-ch 2011"]
[Site "Dortmund"]
[Date "2011.05.22"]
[Round "8.5"]
[White "Morawietz, Manuel"]
[Black "Melmer, Felix"]
[Result "1-0"]
[WhiteElo "1969"]
[BlackElo "1917"]
[PlyCount "63"]
[EventDate "2011.??.??"]

1. e4 c5 2. Nf3 Nc6 3. d4 cxd4 4. Nxd4 g6 5. c4 Nf6 6. Nc3 d6 7. Be2 Nxd4 8.
Qxd4 Bg7 9. Be3 O-O 10. Qd2 Be6 11. O-O Qa5 12. Rac1 Rfc8 13. b3 a6 14. f3 b5
15. cxb5 axb5 16. Bd4 d5 17. e5 Nd7 18. Qe3 b4 19. Na4 h5 20. h3 Kh7 21. g4
hxg4 22. hxg4 Rxc1 23. Rxc1 Rh8 24. Kg2 Qa8 25. f4 Kg8 26. Kg3 Nb8 27. Rc7 Bd7
28. Nb6 Qxa2 29. Nxd7 Nxd7 30. Rxd7 Rh1 31. Ra7 Qc2 32. Ra1 1-0

[Event "FSV-ch 2011"]
[Site "Dortmund"]
[Date "2011.05.23"]
[Round "8.6"]
[White "Reschop, Romano"]
[Black "Lauche, Christoph"]
[Result "1/2-1/2"]
[WhiteElo "1703"]
[BlackElo "1874"]
[PlyCount "94"]
[EventDate "2011.??.??"]

1. d4 g6 2. e4 Bg7 3. Nf3 b6 4. Bc4 Bb7 5. Nc3 e6 6. O-O Ne7 7. Bg5 h6 8. Bf4
d6 9. Re1 Nd7 10. Qd2 g5 11. Bg3 Ng6 12. h3 O-O 13. Rad1 a6 14. a4 Nf6 15. Bd3
Nh5 16. Ne2 f5 17. exf5 exf5 18. Bc4+ Kh8 19. Qd3 Be4 20. Qb3 d5 21. Bd3 Bxf3
22. gxf3 Nh4 23. Bxh4 gxh4 24. Kh1 Qd6 25. c3 Rae8 26. Qc2 Nf4 27. Nxf4 Qxf4
28. Kg2 Qg5+ 29. Kh2 $4 Qf4+ $4 (29... Rxe1 $1 30. Rxe1 Be5+ $1 31. f4 Rg8 32.
f3 Qxf4+ 33. Kh1 Qxf3+ 34. Qg2 Qxg2#) 30. Kg2 Bf6 31. Bxf5 Rg8+ 32. Bg4 Rxe1
33. Rxe1 h5 34. Re3 hxg4 35. fxg4 Bg5 36. Qe2 Rf8 37. Re8 Kg7 38. Rxf8 Kxf8 39.
Qxa6 Qe4+ 40. Kg1 {Eine grundsaetzliche Bemerkung: Das schwarze Figurenpaar
wird dem weissen Koenig kaum gefaehrlich. Befaende sich anstelle des Laeufer
irgendwo ein schwarzer Springer, saehe die Sache p-r-i-n-z-i-p-i-e-l-l anders
aus!} 40... Qe1+ 41. Kg2 Qe4+ 42. Kg1 Bf4 43. Qc8+ Ke7 44. Qh8 Kd7 45. Qxh4
Qb1+ 46. Kg2 Qe4+ 47. Kg1 Qb1+ 1/2-1/2

[Event "FSV-ch 2011"]
[Site "Dortmund"]
[Date "2011.05.19"]
[Round "8.7"]
[White "Schicktanz, Florian"]
[Black "Dite, Alexander"]
[Result "0-1"]
[WhiteElo "1569"]
[BlackElo "1607"]
[PlyCount "120"]
[EventDate "2011.??.??"]

1. Nf3 d5 2. d4 Nf6 3. Bf4 e6 4. h3 c5 5. e3 Nc6 6. c4 Qb6 7. b3 cxd4 8. exd4
dxc4 9. Bxc4 Bb4+ 10. Bd2 O-O 11. O-O Rd8 12. Be3 Qc7 13. Qe2 a6 14. a3 Bf8 15.
b4 b5 16. Ba2 Bb7 17. Nbd2 Rac8 18. Nb3 e5 19. Rac1 exd4 20. Nbxd4 Nxd4 21.
Nxd4 Qe5 22. Nf3 Qe4 23. Bb1 Qe8 24. Rfd1 Nd5 25. Qd3 g6 26. Qb3 Nxe3 27. Qxe3
Qxe3 28. fxe3 Rxd1+ 29. Rxd1 Rc3 30. Ng5 Rxa3 31. Rd7 Ra1 32. Rxb7 Rxb1+ 33.
Kf2 Rxb4 34. Nxf7 a5 35. Ne5 a4 36. Ra7 a3 37. Nd3 Ra4 38. Rxa4 bxa4 39. Nc1
Kf7 40. Na2 Ke6 41. Ke2 Kd5 42. Kd3 h5 43. g4 hxg4 44. hxg4 Ke5 45. Ke2 Kf6 46.
Kf3 Kg5 47. e4 Kh4 48. Nc3 Kg5 49. Na2 Kf6 50. Nc3 Ke5 51. Na2 Kd4 52. Kf4 Bh6+
53. Kf3 g5 54. Nc1 Kc3 55. e5 Kb2 56. Nd3+ Kb1 57. Nc5 a2 58. e6 a1=Q 59. e7
Qe5 60. Nxa4 Qxe7 0-1

[Event "FSV-ch 2011"]
[Site "Dortmund"]
[Date "2011.05.19"]
[Round "8.8"]
[White "Hübel, Carsten"]
[Black "Schütz, Ralf"]
[Result "0-1"]
[WhiteElo "1430"]
[BlackElo "1798"]
[PlyCount "44"]
[EventDate "2011.??.??"]

1. c4 e5 2. Nc3 Nf6 3. g3 Bb4 4. Qb3 Nc6 5. Bg2 Nd4 6. Qa4 O-O 7. e3 Bxc3 8.
bxc3 Ne6 9. d4 d6 10. Ba3 c5 11. Ne2 Bd7 12. Qc2 Qa5 13. Bb2 cxd4 14. Bxb7 Rab8
15. Bg2 dxe3 16. fxe3 Qc5 17. Rd1 Ng4 18. Qc1 Nxe3 19. Rxd6 Nxg2+ 20. Kf1 Qxd6
21. Ba3 Ne3+ 22. Kf2 Ng4+ 0-1

[Event "FSV-ch 2011"]
[Site "Dortmund"]
[Date "2011.05.19"]
[Round "8.9"]
[White "Benke, Werner"]
[Black "Sonntag, Joachim"]
[Result "0-1"]
[WhiteElo "1556"]
[BlackElo "1755"]
[PlyCount "77"]
[EventDate "2011.??.??"]

1. d4 d5 2. c4 c6 3. Nc3 Nf6 4. Nf3 e6 5. e3 Nbd7 6. Be2 Bd6 7. O-O O-O 8. h3
b6 9. b3 Bb7 10. Bb2 Re8 11. Qd2 Rc8 12. Rac1 Qe7 13. cxd5 exd5 14. Bd3 Ne4 15.
Qe2 Ba3 16. Bxa3 Qxa3 17. Nb1 Qa5 18. Rc2 a6 19. Qe1 Qxe1 20. Rxe1 c5 21. Rec1
f5 22. Nc3 c4 23. Be2 Nxc3 24. Rxc3 b5 25. b4 f4 26. Kf1 fxe3 27. fxe3 a5 28.
a3 axb4 29. axb4 Ra8 30. Rb1 Ra2 31. Ne1 Nf6 32. Bf3 Bc8 33. Rc2 {Spaetestens
ab hier ist der weitere Partieverlauf unsicher, weil von beiden Spielern
falsch notiert wurde ...} 33... Ra3 34. Re2 Bf5 35. Rc1 Rea8 36. g4 Be4 37. g5
Bxf3 38. Nxf3 Ne4 39. Ree1 0-1

[Event "FSV-ch 2011"]
[Site "Dortmund"]
[Date "2011.05.19"]
[Round "8.10"]
[White "Schulz-Runge, Mi"]
[Black "Vogt, Christian"]
[Result "1-0"]
[WhiteElo "1792"]
[BlackElo "1453"]
[PlyCount "39"]
[EventDate "2011.??.??"]

1. e4 e5 2. Nf3 Nf6 3. Nxe5 d6 4. Nxf7 Kxf7 5. d4 Be7 6. Nc3 c6 7. Bc4+ d5 8.
Bb3 Be6 9. e5 Nfd7 10. f4 h5 11. f5 Bxf5 12. Qf3 Kg6 13. Ne2 Bg5 14. O-O Rf8
15. Ng3 Bg4 16. Qd3+ Kh6 17. Rxf8 Qxf8 18. Bxg5+ Kxg5 19. Qe3+ Qf4 20. h4+ 1-0

[Event "FSV-ch 2011"]
[Site "Dortmund"]
[Date "2011.05.19"]
[Round "8.11"]
[White "Raabe, Hans-Ulrich"]
[Black "Bommert, Christian"]
[Result "1/2-1/2"]
[WhiteElo "1507"]
[BlackElo "1754"]
[PlyCount "23"]
[EventDate "2011.??.??"]

1. e4 e5 2. Nf3 f5 3. Nxe5 Qf6 4. d4 d6 5. Nf3 fxe4 6. Ng5 Bf5 7. Nc3 Qe7 8.
Bc4 Nh6 9. O-O c6 10. Ncxe4 Nd7 11. Re1 O-O-O 12. Ng3 {(=) Warum Weiss hier in
gewonnener Stellung ein Remis anbietet, ist nicht klar. Schwarz nimmt
jedenfalls dankend an ...} ({Schwarz haette nach} 12. Ng3 {nichts Besseres als}
12... Qf6 {Darauf folgt:} 13. Nxf5 {Ein Loch auf e6 gaehnt auf!} 13... Qxf5 (
13... Nxf5 14. c3 $1 {Festigt das Zentrum, oeffnet der weissen Dame den Weg
zum schwarzen Rochadefluegel und droht insbesondere Damenfang durch Te1-e6!})
14. c3 {Schwarz geht langfristig an der Schwaeche des Feldes e6, verursacht
durch einen Bauernverlust, zugrunde.}) 1/2-1/2

[Event "FSV-ch 2011"]
[Site "Dortmund"]
[Date "2011.05.19"]
[Round "8.13"]
[White "Gennat, Egon L"]
[Black "Reinacher, Detlev"]
[Result "1-0"]
[WhiteElo "1379"]
[BlackElo "1610"]
[PlyCount "81"]
[EventDate "2011.??.??"]

1. e4 d6 2. d4 g6 3. Nc3 Bg7 4. f4 c6 5. Nf3 Nf6 6. h3 O-O 7. Bd3 a6 8. O-O b5
9. e5 dxe5 10. fxe5 Nd5 11. Nxd5 cxd5 12. Bf4 Bb7 13. Qd2 Nc6 14. Bh6 Qb6 15.
c3 a5 16. Bxg7 Kxg7 17. Rae1 Nd8 18. h4 Ne6 19. Nh2 h5 20. Qe2 b4 21. g4 Rh8
22. Qf3 Raf8 23. Rf2 f6 24. Qg3 Ba6 25. gxh5 $2 (25. Bxg6 $1 Kxg6 26. gxh5+
Kxh5 27. exf6 Rhg8 28. Re5+ Kh6 29. Ng4+ Kg6 30. f7 Rg7 31. Qe3 Rh8 32. Rg5+
Nxg5 33. Qxg5+ Kh7 34. Qh5+ Qh6 35. Qxh6#) (25. Bf5 $1 gxf5 26. gxh5+ Ng5 27.
hxg5 fxg5 28. Qxg5+ Kf7 29. Rxf5+ Ke8 30. Rxf8+ Rxf8 31. e6 bxc3 32. bxc3 Qb2
33. Qg3 $18) 25... Bxd3 26. Qxd3 Rxh5 27. Qg3 f5 28. Rg2 Nd8 29. Nf3 Rfh8 30.
e6 R8h6 31. Qe5+ Kf8 32. Qxd5 g5 33. Qxf5+ Rf6 34. Qg4 Rh8 35. Qxg5 Nxe6 36.
Rxe6 Qxe6 37. Qg7+ Ke8 38. Qxh8+ Kd7 39. Ne5+ Kc7 40. Qa8 Qxa2 41. Qa7+ 1-0

[Event "FSV-ch 2011"]
[Site "Dortmund"]
[Date "2011.05.19"]
[Round "8.15"]
[White "Knackstedt, Ulf"]
[Black "Weischer, Wolfgang"]
[Result "1-0"]
[WhiteElo "1748"]
[BlackElo "1580"]
[PlyCount "67"]
[EventDate "2011.??.??"]

1. d4 e5 2. e4 exd4 3. c3 dxc3 4. Bc4 Bc5 5. Nf3 c6 6. Nxc3 d5 7. exd5 Qe7+ 8.
Be2 Bf5 9. O-O Nf6 10. Re1 O-O 11. Bd3 Qd7 12. Ne5 Qc8 13. Qf3 Bxd3 {(=)} 14.
Nxd3 Bb6 15. Bg5 Qg4 16. Qxg4 Nxg4 17. h3 h6 18. Be7 Nf6 19. Bxf8 Kxf8 20. dxc6
Nxc6 21. Rad1 Rc8 22. Ne5 Nd4 23. Na4 Ba5 24. Re3 Ne6 25. Nd7+ Nxd7 26. Rxd7 b5
27. Nc3 Bb6 28. Rf3 Ng5 29. Rfd3 Re8 30. Kf1 Ne4 31. Nxe4 Rxe4 32. Rf3 Re7 33.
Rxe7 Kxe7 34. Rb3 1-0

[Event "FSV-ch 2011"]
[Site "Dortmund"]
[Date "2011.05.19"]
[Round "8.16"]
[White "Tautz, Eugen"]
[Black "Skalweit, Wolfgang"]
[Result "0-1"]
[WhiteElo "1442"]
[BlackElo "1432"]
[PlyCount "58"]
[EventDate "2011.??.??"]

1. c4 f5 2. d4 Nf6 3. Nc3 c6 4. Nf3 d6 5. e3 Qc7 6. Bd3 e5 7. dxe5 dxe5 8. e4
f4 9. Qb3 Na6 10. Qd1 Nc5 11. Bc2 Bg4 12. h3 Rd8 13. Qe2 Bh5 14. Bd2 Bg6 15.
Ng5 Bh5 16. Nf3 Ne6 17. Qf1 Bxf3 18. gxf3 Nd4 19. Bd1 Qd6 20. Bc1 b5 21. cxb5
Nxb5 22. Qe2 Nd4 23. Qd3 Qc7 24. Qc4 Nd7 25. Nb5 Nxb5 26. Qe6+ Be7 27. Bb3 Nd6
28. Bd2 Nc5 29. Qxe5 Nd3+ 0-1

[Event "FSV-ch 2011"]
[Site "Dortmund"]
[Date "2011.05.19"]
[Round "8.17"]
[White "Busch, J. Malo"]
[Black "Rabe, Mark"]
[Result "1-0"]
[WhiteElo "1220"]
[BlackElo "978"]
[PlyCount "63"]
[EventDate "2011.??.??"]

1. e4 e5 2. Nf3 Nc6 3. Bc4 Nf6 4. d3 Bc5 5. Bg5 h6 6. Bh4 g5 7. Bg3 d6 8. h3
Qe7 9. Nbd2 Bd7 10. c3 Na5 11. b4 Nxc4 12. Nxc4 Bb6 13. O-O Nh5 14. Nxb6 axb6
15. Nh2 Ng7 16. Ng4 h5 17. Ne3 c6 18. Qf3 h4 19. Bh2 Rf8 20. Nf5 Bxf5 21. exf5
f6 22. Rfe1 Qd7 23. d4 Qxf5 24. Qe3 Kd7 25. dxe5 Rfe8 26. Qxb6 Kc8 27. exd6 Qd7
28. Rxe8+ Nxe8 29. Re1 Ng7 30. Re7 Qxe7 31. dxe7 Ne8 32. Qd8# 1-0

[Event "FSV-ch 2011"]
[Site "Dortmund"]
[Date "2011.05.19"]
[Round "8.18"]
[White "Wickenfeld, Udo"]
[Black "Raskin, Vitali"]
[Result "0-1"]
[WhiteElo "1282"]
[BlackElo "1768"]
[PlyCount "80"]
[EventDate "2011.??.??"]

1. d4 d5 2. c4 dxc4 3. a4 Nf6 4. e3 e6 5. Bxc4 c5 6. Nf3 Nc6 7. Bb5 Bd7 8. Bd3
cxd4 9. exd4 Be7 10. O-O O-O 11. Nc3 Nb4 12. Bb5 a6 13. Bxd7 Qxd7 14. Ne5 {(=)}
14... Qc7 15. Bd2 Rfd8 16. Be3 Bd6 17. f4 Nbd5 18. Nxd5 Nxd5 19. Bd2 Qb6 20.
Nf3 Nxf4 21. Bxf4 Bxf4 22. Kh1 Be3 23. Qe2 Bxd4 24. Nxd4 Rxd4 25. a5 Qd6 26.
Qf3 Qd7 27. Rad1 e5 28. g3 f6 29. Qb3+ Kh8 30. Rxd4 exd4 31. Rd1 Rd8 32. Rd3
Qd5+ 33. Kg1 Qxa5 34. Qd1 Qe5 35. Qd2 h6 36. Qb4 Qe4 37. Qd2 Rd7 38. Qd1 a5 39.
Qd2 b5 40. Qd1 a4 0-1